00720nam a2200241 a 4500001001300000003000900013005001700022008004100039020000900080082001700089100001900106245003400125260003900159300000900198500003500207505004600242650002600288700001900314902000800333942000700341952011500348999001500463nice12345678IN_TiNIC20260116012020.0050524s1979 hyda grp 000 0 urd  ac2000a491.439bAFZ aAfzal, M Iqbal aMadras Men Urdu Ki Nashu Numa aHyderabadbMoin Publicationsc1979 a406p aincludes index and biblioraphy2 aNotes and References, Bibliography, Index aUrdu Language-History1 aAfzal, M Iqbal bSRS cBK 001040708StackRoom-aHMIbHMId2007-06-07g20.00l0o491.439 AFZp09390r2007-06-07v20.00w2005-05-24yBK c5296d5296